000 00836nam a2200229 i 4500
001 19445
003 ES-MaACL
005 20230906152110.0
007 t|
008 020828s2001 sp ||||1| spa d
020 _a84-8191-378-2
080 _a929 Diego, Gerardo
080 _a821.134.2 Góngora y Argote, Luis de (067.5)
245 0 0 _aGerardo Diego y el III centanario de Góngora
_b: correspondencia inédita /
_cedición, introducción y notas de Gabriele Morelli.
260 _aValencia :
_bPre-Textos,
_c[2001]
300 _a226 p., [4] h. :
_bil. ;
_c24 cm.
600 1 4 _aDiego, Gerardo,
_d1896-1987-
_vCorrespondencia
_944546
600 1 4 _aGóngora y Argote, Luis de-
_vAniversarios y centenarios.
_958247
700 1 _aMorelli, Gabriele.
_983253
852 _aES-MaACL
_jL-25879
_bR.130775
999 _c19445
_d19445